| 000 | 00613nam a2200229 i 4500 | ||
|---|---|---|---|
| 999 |
_c200443641 _d61853 |
||
| 003 | TR-AnTOB | ||
| 005 | 20210917170053.0 | ||
| 007 | ta | ||
| 008 | 210917s1988 enk 00| 0 eng d | ||
| 040 |
_aTR-AnTOB _beng _erda _cTR-AnTOB |
||
| 041 | 0 | _aeng | |
| 050 | 1 | _aH | |
| 099 | _a338.9 COU 1988 | ||
| 245 | 0 | 0 |
_aCountry report: _bJordan. |
| 264 | 1 |
_aLondon: _bThe Intelligence Unit, _c1988. |
|
| 300 |
_avolumes : _bgraphs, tables ; _c30 cm |
||
| 336 |
_2rdacontent _atext _btxt |
||
| 337 |
_2rdamedia _aunmediated _bn |
||
| 338 |
_2rdacarrier _avolume _bnc |
||
| 942 |
_2lcc _cBK |
||